LIBRARY & INFORMATION CENTRE, KCAET, TAVANUR

ONLINE PUBLIC ACCESS CATALOGUE (OPAC)

Indiayude Atmavu / (Record no. 5042)

MARC details
000 -LEADER
fixed length control field 00417cam a2200169ua 4500
041 ## - LANGUAGE CODE
Language code of text/sound track or separate title mal
082 ## - DEWEY DECIMAL CLASSIFICATION NUMBER
Classification number 934
Item number DAM/IN
100 ## - MAIN ENTRY--AUTHOR NAME
Personal name Damodaran, K.
245 ## - TITLE STATEMENT
Title Indiayude Atmavu /
260 ## - PUBLICATION, DISTRIBUTION, ETC. (IMPRINT)
Place of publication Kottayam :
Name of publisher Sahitya Pravarthaka Co-operative Society ,
Year of publication 1963.
300 ## - PHYSICAL DESCRIPTION
Number of Pages 350 ; .
942 ## - ADDED ENTRY ELEMENTS (KOHA)
Koha item type Books
Holdings
Withdrawn status Lost status Damaged status Home library Current library Date acquired Full call number Accession Number Koha item type
Withdrawn     KAUAET KAUAET 07/04/2012 934 2611 Books
free website counter